| 000 | 00494nam a2200193Ia 4500 | ||
|---|---|---|---|
| 003 | GCL | ||
| 008 | 140319s9999 xx 000 0 ara d | ||
| 040 |
_aGCL / _cGCL |
||
| 082 | 0 | 4 |
_a811.9 _bص ك |
| 100 | 1 | _aصلاح جاهين | |
| 245 | 1 | 0 |
_aكلمة سلام / _cصلاح جاهين |
| 300 | _a55 ص | ||
| 490 | _a | ||
| 650 | 0 | 4 | _aالشعر العربى |
| 650 | 0 | 4 | _aالادب العربى |
| 650 | 0 | 4 | _aالعصر الحديث |
| 650 | 0 | 4 | _aصلاح جاهين |
| 942 |
_2ddc _cBK |
||
| 999 |
_c40523 _d40523 |
||